Deutschsprachige Literatur 20. Jahrhundert - Statistiken

Allgemein
  • Dieses Quiz wurde 205 mal gespielt
  • Das Durchschnittsergebnis liegt bei 7 aus 13
Antwortstatistiken
Hint Antwort % Korrekt
Buddenbrooks. Verfall einer Familie Thomas Mann
97%
Die Verwandlung Franz Kafka
92%
Professor Unrat Heinrich Mann
92%
Der Steppenwolf Hermann Hesse
86%
Mutter Courage und ihre Kinder Bertholt Brecht
82%
Das Parfüm Patrick Süskind
75%
Der Vorleser Bernhard Schlink
43%
Montauk Max Frisch
36%
Frühlings Erwachen Frank Wedekind
27%
Ein fliehendes Pferd Martin Walser
26%
Holzfällen Thomas Bernhard
17%
Tauben im Gras Wolfgang Koeppen
17%
Die Legende vom heiligen Trinker Joseph Roth
11%
Keine übereinstimmenden Quizze gefunden
Verteilung der Resultate
Anzahl Personen mit jedem Resultat
Perzentil nach korrekt beantworteten Fragen
Ihre Resultats-Entwicklung
Sie haben dieses Quiz noch nicht gespielt